000 00580nam a2200205Ia 4500
005 20250923145040.0
008 008 250917s9999 xx 000 0 eng d
037 _aTextual
040 _aDSWL
_beng
_cDSWL
041 _aeng
_2eng
084 _aL7:4:691, N59
_qDSWL
100 _aSullivan, Harrystack
_9831269
245 0 _aPsychiatric Interview
_cby Harrystack Sullivan
260 _bTavistock Publication
_c1954
300 _axii,200 p.
365 _aINR
_b48
925 _g48
942 _cTEXL
_hL7:4:691, N59
999 _c1446462
_d1446462